<?xml version="1.0" encoding="UTF-8"?>
<collection xmlns="http://www.loc.gov/MARC21/slim">
  <record>
    <leader>00000nam  2200000   4500</leader>
    <controlfield tag="001">INLIS000000000010820</controlfield>
    <controlfield tag="005">20210606125938</controlfield>
    <datafield tag="035" ind1="#" ind2="#">
      <subfield code="a">0010-0621000041</subfield>
    </datafield>
    <datafield tag="245" ind1="1" ind2="#">
      <subfield code="a">PENINGKATAN KUALITAS MANAJEMEN SISTEM PELAYANAN ADMINISTRASI DI UPT BAHASA Prodi Teknik Industri Jurusan Teknologi Industri dan Proses Institut Teknologi Kalimantan /</subfield>
      <subfield code="c">Healty Susantiningdyah, S.Pd., MAppLing.</subfield>
    </datafield>
    <datafield tag="100" ind1="1" ind2="#">
      <subfield code="a">SUSANTININGDYAH, Healty</subfield>
    </datafield>
    <datafield tag="250" ind1="#" ind2="#">
      <subfield code="a">1</subfield>
    </datafield>
    <datafield tag="300" ind1="#" ind2="#">
      <subfield code="a">58 halaman; lampiran :</subfield>
      <subfield code="b">ilustrasi ;</subfield>
      <subfield code="c">30 cm</subfield>
    </datafield>
    <datafield tag="260" ind1="#" ind2="#">
      <subfield code="a">Samarinda :</subfield>
      <subfield code="b">Puslatbang KDOD,</subfield>
      <subfield code="c">2020</subfield>
    </datafield>
    <datafield tag="084" ind1="#" ind2="#">
      <subfield code="a">LATSAR 506 2020</subfield>
    </datafield>
    <datafield tag="650" ind1="#" ind2="#">
      <subfield code="a">Pelatihan Dasar</subfield>
    </datafield>
    <datafield tag="650" ind1="#" ind2="#">
      <subfield code="a">Laporan Aktualisasi</subfield>
    </datafield>
    <datafield tag="650" ind1="#" ind2="#">
      <subfield code="a">layanan administrasi</subfield>
    </datafield>
    <datafield tag="650" ind1="#" ind2="#">
      <subfield code="a">teknologi informasi</subfield>
    </datafield>
    <datafield tag="650" ind1="#" ind2="#">
      <subfield code="a">kinerja pegawai</subfield>
    </datafield>
    <datafield tag="650" ind1="#" ind2="#">
      <subfield code="a">perguruan tinggi</subfield>
    </datafield>
    <datafield tag="520" ind1="#" ind2="#">
      <subfield code="a">Laporan Aktualisasi Pelatihan Dasar ini didasarkan pada masalah masih terjadinya disintegrasi pada Pelayanan Administrasi di UPT Bahasa Institut Teknologi Kalimantan , sehingga dibuat empat kegiatan berdasarkan nilai ANEKA (Akuntabilitas, Nasionalisme, Etika public, Komitmen Mutu dan Anti korupsi), yaitu : Membuat modul tata laksana Administrasi UPT Bahasa, Melaksanakan workshop ketrampilan administrasi dan tugas pokok pegawai, melakukan pengembangan konten web untuk layanan tes Bahasa, dan melakukan sosialisasi serta koordinasi penggunaan aplikasi komunikasi berbasis digital.</subfield>
    </datafield>
    <datafield tag="500" ind1="#" ind2="#">
      <subfield code="a">Coach : IKA RETNA NINGRUM, S.Pd.MPP&#13;
Penguji : M. Abdi Rahman, S.Sos., M.Si&#13;
Mentor : Dr. Muhammad Purwanto</subfield>
    </datafield>
    <datafield tag="990" ind1="#" ind2="#">
      <subfield code="a">LATSAR/506/2020</subfield>
    </datafield>
  </record>
</collection>
